Komentár k vyhláške Ministerstva financií Slovenskej republiky a Národnej banky Slovenska č. 203/1995 Z.z. ...

Komentár k vyhláške Ministerstva financií SR a NBS Bratislava č. 203/1995 Z.z. z 26. septembra 1995, ktorou sa vykonávajú niektoré ustanovenia devízového zákona, v znení vyhlášky MF SR č. 335/1996 a zákona č. 45/1998 Z.z. Ustanovenie plnenia ohlasovacej povinnosti.

Gespeichert in:
Bibliographische Detailangaben
1. Verfasser: Najšlová, Oľga
Format: Buchkapitel
Sprache:Slowakisch
Schlagworte:
Tags: Tag hinzufügen
Keine Tags, Fügen Sie das erste Tag hinzu!

MARC

LEADER 00000naa a2200000 4500
001 r033261
005 20230926072824.4
041 0 |a slo 
044 |a SK 
245 1 0 |a Komentár k vyhláške Ministerstva financií Slovenskej republiky a Národnej banky Slovenska č. 203/1995 Z.z. ...  |c Oľga Najšlová 
520 |a Komentár k vyhláške Ministerstva financií SR a NBS Bratislava č. 203/1995 Z.z. z 26. septembra 1995, ktorou sa vykonávajú niektoré ustanovenia devízového zákona, v znení vyhlášky MF SR č. 335/1996 a zákona č. 45/1998 Z.z. Ustanovenie plnenia ohlasovacej povinnosti. 
610 2 0 |a devízy 
610 2 0 |a povinnosť oznamovacia 
610 2 0 |a vyhlášky 
610 2 0 |a MF SR Bratislava 
610 2 0 |a NBS Bratislava 
610 2 0 |a 1995-1998 
610 2 0 |a komentáre 
100 1 |a Najšlová, Oľga